000 00566 a2200193 4500
020 _a0672321548
040 _aDLC
_bDLC
082 0 0 _a005.4469 MOR
100 _aMorimoto, Rand
110 _aNoel, Michael
245 0 0 _aMicrosoft Windows server 2003 : unleashed
_cRand H. Morimoto ... [et al.].
260 _aIndianapolis, Ind. :
_bSAMS,
_cc2003.
300 _axlviii, 1150 p. :
_bill. ;
_c23 cm.
500 _aIncludes index.
650 0 _aOperating systems (Computers)
650 0 _aMicrosoft .NET.
700 1 _aMorimoto, Rand.
942 _cBK
_k005.4469 MOR
_2ddc
999 _c4315
_d4315